[Event "DVM U16 2021"]
[Site "Kiel GER"]
[Date "2022.07.24"]
[Round "3"]
[White "Morgenthaler, Nick"]
[Black "Müller, Yannik"]
[Result "1-0"]
[Termination "normal"]
[Board "10.2"]
[WhiteElo "1149"]
[BlackElo "1323"]
[WhiteClock "01:22:07"]
[BlackClock "00:51:14"]
[WhiteTeam "SK Frankenthal"]
[BlackTeam "SV Grün-Weiß Niederwiesa"]
[PlyCount "35"]
[WhiteFideId "16286138"]
[BlackFideId "16294750"]
[EventCountry "GER"]
[EventRounds "7"]
[EventType "team-swiss"]
[EventDate "2022.07.22"]

1. d4 {[%clk 01:30:55]} {[%emt 00:00:04]} d5 {[%clk 01:30:55]} {[%emt
00:00:05]} 2. c4 {[%clk 01:31:04]} {[%emt 00:00:22]} Nf6 {[%clk 01:31:14]}
{[%emt 00:00:10]} 3. cxd5 {[%clk 01:30:20]} {[%emt 00:01:14]} Nxd5 {[%clk
01:31:36]} {[%emt 00:00:09]} 4. e4 {[%clk 01:30:19]} {[%emt 00:00:30]} Nb6
{[%clk 01:29:34]} {[%emt 00:02:32]} 5. a4 {[%clk 01:29:04]} {[%emt 00:01:45]}
e6 {[%clk 01:25:37]} {[%emt 00:04:28]} 6. a5 {[%clk 01:28:46]} {[%emt
00:00:48]} N6d7 {[%clk 01:25:01]} {[%emt 00:01:05]} 7. Nc3 {[%clk 01:28:37]}
{[%emt 00:00:39]} Bb4 {[%clk 01:19:55]} {[%emt 00:05:36]} 8. Nf3 {[%clk
01:27:49]} {[%emt 00:01:19]} O-O {[%clk 01:19:26]} {[%emt 00:00:59]} 9. Bd3
{[%clk 01:26:13]} {[%emt 00:02:06]} c5 {[%clk 01:17:13]} {[%emt 00:02:43]} 10.
e5 {[%clk 01:23:15]} {[%emt 00:03:28]} cxd4 {[%clk 01:15:30]} {[%emt 00:02:12]}
11. Bxh7+ {[%clk 01:22:40]} {[%emt 00:01:06]} Kh8 {[%clk 01:06:25]} {[%emt
00:09:35]} 12. Ng5 {[%clk 01:22:27]} {[%emt 00:00:42]} g6 {[%clk 00:57:44]}
{[%emt 00:09:20]} 13. Qxd4 {[%clk 01:22:09]} {[%emt 00:00:40]} Be7 {[%clk
00:52:44]} {[%emt 00:05:30]} 14. Qh4 {[%clk 01:20:37]} {[%emt 00:02:02]} Kg7
{[%clk 00:52:47]} {[%emt 00:00:26]} 15. Nxe6+ {[%clk 01:20:57]} {[%emt
00:00:11]} fxe6 {[%clk 00:50:51]} {[%emt 00:02:26]} 16. Qh6+ {[%clk 01:21:20]}
{[%emt 00:00:06]} Kh8 {[%clk 00:50:48]} {[%emt 00:00:33]} 17. Bxg6+ {[%clk
01:21:43]} {[%emt 00:00:07]} Kg8 {[%clk 00:51:14]} {[%emt 00:00:04]} 18. Qh7#
{[%clk 01:22:07]} {[%emt 00:00:05]} 1-0

[Event "DVM U16 2021"]
[Site "Kiel GER"]
[Date "2022.07.24"]
[Round "3"]
[White "Leuthier, Richard"]
[Black "Huang, Luca Hanson"]
[Result "0-1"]
[Termination "normal"]
[Board "10.3"]
[WhiteElo "1145"]
[BlackElo "1488"]
[WhiteClock "00:54:35"]
[BlackClock "01:14:48"]
[WhiteTeam "SV Grün-Weiß Niederwiesa"]
[BlackTeam "SK Frankenthal"]
[PlyCount "46"]
[WhiteFideId "34628363"]
[BlackFideId "16279182"]
[EventCountry "GER"]
[EventRounds "7"]
[EventType "team-swiss"]
[EventDate "2022.07.22"]

1. d4 {[%clk 01:30:56]} {[%emt 00:00:03]} d5 {[%clk 01:30:49]} {[%emt
00:00:10]} 2. Nf3 {[%clk 01:31:16]} {[%emt 00:00:11]} Nf6 {[%clk 01:30:59]}
{[%emt 00:00:19]} 3. e3 {[%clk 01:31:18]} {[%emt 00:00:30]} e6 {[%clk
01:31:13]} {[%emt 00:00:15]} 4. Bd3 {[%clk 01:30:38]} {[%emt 00:01:10]} Be7
{[%clk 01:30:58]} {[%emt 00:00:45]} 5. O-O {[%clk 01:30:08]} {[%emt 00:01:00]}
O-O {[%clk 01:31:10]} {[%emt 00:00:18]} 6. Nbd2 {[%clk 01:29:59]} {[%emt
00:00:40]} Nbd7 {[%clk 01:31:07]} {[%emt 00:00:32]} 7. Re1 {[%clk 01:29:42]}
{[%emt 00:00:47]} b6 {[%clk 01:29:16]} {[%emt 00:02:22]} 8. e4 {[%clk
01:28:56]} {[%emt 00:01:16]} dxe4 {[%clk 01:28:17]} {[%emt 00:01:29]} 9. Nxe4
{[%clk 01:28:00]} {[%emt 00:01:25]} Bb7 {[%clk 01:25:56]} {[%emt 00:02:51]} 10.
c3 {[%clk 01:23:25]} {[%emt 00:05:05]} c5 {[%clk 01:24:15]} {[%emt 00:02:10]}
11. Qc2 {[%clk 01:17:46]} {[%emt 00:06:09]} Rc8 {[%clk 01:21:52]} {[%emt
00:02:54]} 12. Be3 {[%clk 01:14:36]} {[%emt 00:03:40]} c4 {[%clk 01:18:57]}
{[%emt 00:03:25]} 13. Nxf6+ {[%clk 01:13:39]} {[%emt 00:01:26]} Nxf6 {[%clk
01:19:13]} {[%emt 00:00:15]} 14. Bf1 {[%clk 01:12:30]} {[%emt 00:01:39]} Bxf3
{[%clk 01:19:07]} {[%emt 00:00:37]} 15. gxf3 {[%clk 01:12:24]} {[%emt
00:00:36]} Nd5 {[%clk 01:17:56]} {[%emt 00:01:40]} 16. Bd2 {[%clk 01:07:15]}
{[%emt 00:05:39]} Bd6 {[%clk 01:16:35]} {[%emt 00:01:55]} 17. b3 {[%clk
00:57:06]} {[%emt 00:10:36]} b5 {[%clk 01:16:18]} {[%emt 00:00:47]} 18. Qe4
{[%clk 00:56:11]} {[%emt 00:01:25]} cxb3 {[%clk 01:14:57]} {[%emt 00:01:51]}
19. axb3 {[%clk 00:55:31]} {[%emt 00:01:09]} Nxc3 {[%clk 01:15:08]} {[%emt
00:00:19]} 20. Bxc3 {[%clk 00:55:38]} {[%emt 00:00:23]} Rxc3 {[%clk 01:15:22]}
{[%emt 00:00:16]} 21. Bxb5 {[%clk 00:55:11]} {[%emt 00:00:57]} Rxb3 {[%clk
01:15:08]} {[%emt 00:00:45]} 22. Bd3 {[%clk 00:54:35]} {[%emt 00:01:06]} Qg5+
{[%clk 01:14:48]} {[%emt 00:00:50]} 23. Kh1 {[%emt 00:03:15]} Qg4 {[%emt
00:00:02]} 0-1

[Event "DVM U16 2021"]
[Site "Kiel GER"]
[Date "2022.07.24"]
[Round "3"]
[White "Kern, Alexander"]
[Black "Haubold, Henry"]
[Result "1-0"]
[Termination "normal"]
[Board "10.4"]
[WhiteElo "1418"]
[BlackElo "963"]
[WhiteClock "01:09:24"]
[BlackClock "01:06:04"]
[WhiteTeam "SK Frankenthal"]
[BlackTeam "SV Grün-Weiß Niederwiesa"]
[PlyCount "53"]
[WhiteFideId "16251334"]
[BlackFideId "34628355"]
[EventCountry "GER"]
[EventRounds "7"]
[EventType "team-swiss"]
[EventDate "2022.07.22"]

1. e4 {[%clk 01:30:55]} {[%emt 00:00:04]} c5 {[%clk 01:30:56]} {[%emt
00:00:05]} 2. Nf3 {[%clk 01:31:18]} {[%emt 00:00:06]} Nc6 {[%clk 01:31:20]}
{[%emt 00:00:07]} 3. d4 {[%clk 01:31:38]} {[%emt 00:00:09]} cxd4 {[%clk
01:31:42]} {[%emt 00:00:09]} 4. Nxd4 {[%clk 01:32:01]} {[%emt 00:00:06]} Nxd4
{[%clk 01:32:04]} {[%emt 00:00:09]} 5. Qxd4 {[%clk 01:32:24]} {[%emt 00:00:06]}
d6 {[%clk 01:31:41]} {[%emt 00:00:54]} 6. Nc3 {[%clk 01:32:18]} {[%emt
00:00:36]} Nf6 {[%clk 01:32:00]} {[%emt 00:00:11]} 7. Be2 {[%clk 01:31:28]}
{[%emt 00:01:19]} g6 {[%clk 01:31:19]} {[%emt 00:01:12]} 8. Be3 {[%clk
01:30:40]} {[%emt 00:01:17]} Bg7 {[%clk 01:29:06]} {[%emt 00:02:44]} 9. Qd2
{[%clk 01:29:22]} {[%emt 00:01:47]} e6 {[%clk 01:26:58]} {[%emt 00:02:40]} 10.
O-O-O {[%clk 01:27:34]} {[%emt 00:02:16]} Qc7 {[%clk 01:26:25]} {[%emt
00:01:04]} 11. Qxd6 {[%clk 01:25:51]} {[%emt 00:02:12]} Qxd6 {[%clk 01:23:49]}
{[%emt 00:03:06]} 12. Rxd6 {[%clk 01:26:12]} {[%emt 00:00:09]} O-O {[%clk
01:24:02]} {[%emt 00:00:18]} 13. Rhd1 {[%clk 01:26:05]} {[%emt 00:00:36]} b6
{[%clk 01:22:58]} {[%emt 00:01:36]} 14. f3 {[%clk 01:22:06]} {[%emt 00:04:27]}
Bb7 {[%clk 01:19:58]} {[%emt 00:03:30]} 15. g4 {[%clk 01:20:09]} {[%emt
00:02:27]} Rac8 {[%clk 01:19:10]} {[%emt 00:01:19]} 16. h4 {[%clk 01:19:36]}
{[%emt 00:01:02]} Ne8 {[%clk 01:17:51]} {[%emt 00:01:50]} 17. Rd7 {[%clk
01:18:23]} {[%emt 00:01:42]} Rc7 {[%clk 01:16:07]} {[%emt 00:02:15]} 18. Rxc7
{[%clk 01:14:09]} {[%emt 00:04:44]} Nxc7 {[%clk 01:15:50]} {[%emt 00:00:47]}
19. h5 {[%clk 01:11:06]} {[%emt 00:03:32]} e5 {[%clk 01:13:07]} {[%emt
00:03:14]} 20. Rd7 {[%clk 01:10:43]} {[%emt 00:00:52]} Rc8 {[%clk 01:11:59]}
{[%emt 00:01:38]} 21. Bc4 {[%clk 01:10:16]} {[%emt 00:00:56]} Bc6 {[%clk
01:10:03]} {[%emt 00:02:27]} 22. Rxf7 {[%clk 01:10:16]} {[%emt 00:00:30]} Ne8
{[%clk 01:08:22]} {[%emt 00:02:12]} 23. Rc7+ {[%clk 01:10:02]} {[%emt
00:00:42]} Kf8 {[%clk 01:07:59]} {[%emt 00:00:54]} 24. Rxc8 {[%clk 01:09:57]}
{[%emt 00:00:35]} Bb7 {[%clk 01:06:02]} {[%emt 00:02:28]} 25. Rb8 {[%clk
01:08:48]} {[%emt 00:01:38]} Bc6 {[%clk 01:05:53]} {[%emt 00:00:40]} 26. Bb5
{[%clk 01:09:01]} {[%emt 00:00:16]} Bxb5 {[%clk 01:06:04]} {[%emt 00:00:19]}
27. Nxb5 {[%clk 01:09:24]} {[%emt 00:00:07]} 1-0

[Event "DVM U16 2021"]
[Site "Kiel GER"]
[Date "2022.07.24"]
[Round "4"]
[White "Bui, Bao Anh Le"]
[Black "Weidemann, Jakob"]
[Result "1/2-1/2"]
[Termination "normal"]
[Board "1.1"]
[WhiteElo "2109"]
[BlackElo "2092"]
[WhiteClock "00:03:32"]
[BlackClock "00:13:32"]
[WhiteTeam "SV Mattnetz Berlin e.V."]
[BlackTeam "Schachklub Münster 32 e. V."]
[PlyCount "140"]
[WhiteFideId "12970719"]
[BlackFideId "16255470"]
[EventCountry "GER"]
[EventRounds "7"]
[EventType "team-swiss"]
[EventDate "2022.07.22"]

1. e4 {[%clk 01:30:32]} {[%emt 00:00:25]} c5 {[%clk 01:30:49]} {[%emt
00:00:12]} 2. Nf3 {[%clk 01:30:42]} {[%emt 00:00:21]} d6 {[%clk 01:31:10]}
{[%emt 00:00:09]} 3. Bb5+ {[%clk 01:26:39]} {[%emt 00:04:34]} Nd7 {[%clk
01:31:29]} {[%emt 00:00:10]} 4. O-O {[%clk 01:26:15]} {[%emt 00:00:54]} Ngf6
{[%clk 01:31:32]} {[%emt 00:00:28]} 5. Re1 {[%clk 01:26:29]} {[%emt 00:00:17]}
e6 {[%clk 01:30:00]} {[%emt 00:02:01]} 6. c3 {[%clk 01:25:13]} {[%emt
00:01:46]} a6 {[%clk 01:30:00]} {[%emt 00:00:30]} 7. Bd3 {[%clk 01:25:12]}
{[%emt 00:00:31]} b5 {[%clk 01:23:36]} {[%emt 00:06:54]} 8. c4 {[%clk
01:24:57]} {[%emt 00:00:45]} bxc4 {[%clk 01:19:56]} {[%emt 00:04:09]} 9. Bxc4
{[%clk 01:25:16]} {[%emt 00:00:11]} Nb6 {[%clk 01:20:14]} {[%emt 00:00:12]} 10.
Bf1 {[%clk 01:25:04]} {[%emt 00:00:42]} e5 {[%clk 01:13:05]} {[%emt 00:07:40]}
11. h3 {[%clk 01:17:55]} {[%emt 00:07:39]} h6 {[%clk 01:13:10]} {[%emt
00:00:25]} 12. a3 {[%clk 01:01:21]} {[%emt 00:17:03]} a5 {[%clk 01:00:36]}
{[%emt 00:13:05]} 13. Bb5+ {[%clk 00:56:12]} {[%emt 00:05:38]} Bd7 {[%clk
01:00:23]} {[%emt 00:00:42]} 14. Bxd7+ {[%clk 00:53:19]} {[%emt 00:03:24]}
Nfxd7 {[%clk 00:57:06]} {[%emt 00:03:47]} 15. d3 {[%clk 00:49:07]} {[%emt
00:04:42]} Be7 {[%clk 00:56:53]} {[%emt 00:00:43]} 16. Nfd2 {[%clk 00:48:48]}
{[%emt 00:00:49]} Nf8 {[%clk 00:34:13]} {[%emt 00:23:11]} 17. Nc4 {[%clk
00:45:31]} {[%emt 00:03:47]} Ne6 {[%clk 00:31:34]} {[%emt 00:03:09]} 18. Nxb6
{[%clk 00:44:34]} {[%emt 00:01:26]} Qxb6 {[%clk 00:31:55]} {[%emt 00:00:09]}
19. Qa4+ {[%clk 00:44:56]} {[%emt 00:00:08]} Kf8 {[%clk 00:31:07]} {[%emt
00:01:18]} 20. b4 {[%clk 00:44:56]} {[%emt 00:00:30]} Bg5 {[%clk 00:28:00]}
{[%emt 00:03:37]} 21. Bxg5 {[%clk 00:38:50]} {[%emt 00:06:37]} hxg5 {[%clk
00:28:18]} {[%emt 00:00:13]} 22. Nd2 {[%clk 00:39:10]} {[%emt 00:00:08]} Qd8
{[%clk 00:27:08]} {[%emt 00:01:41]} 23. bxa5 {[%clk 00:35:53]} {[%emt
00:03:48]} Rxa5 {[%clk 00:18:42]} {[%emt 00:08:56]} 24. Qd1 {[%clk 00:36:11]}
{[%emt 00:00:12]} Nf4 {[%clk 00:18:19]} {[%emt 00:00:52]} 25. Nc4 {[%clk
00:33:00]} {[%emt 00:03:42]} Ra8 {[%clk 00:18:41]} {[%emt 00:00:08]} 26. a4
{[%clk 00:29:38]} {[%emt 00:03:51]} Rh6 {[%clk 00:16:16]} {[%emt 00:02:55]} 27.
Ne3 {[%clk 00:24:50]} {[%emt 00:05:19]} d5 {[%clk 00:11:46]} {[%emt 00:05:01]}
28. exd5 {[%clk 00:19:20]} {[%emt 00:05:59]} Rd6 {[%clk 00:12:01]} {[%emt
00:00:14]} 29. g3 {[%clk 00:14:10]} {[%emt 00:05:41]} Nxd5 {[%clk 00:10:28]}
{[%emt 00:02:02]} 30. Nc4 {[%clk 00:14:06]} {[%emt 00:00:34]} Re6 {[%clk
00:09:39]} {[%emt 00:01:19]} 31. Rxe5 {[%clk 00:13:27]} {[%emt 00:01:10]} Nc3
{[%clk 00:06:33]} {[%emt 00:03:35]} 32. Qf3 {[%clk 00:08:43]} {[%emt 00:05:13]}
Rf6 {[%clk 00:06:49]} {[%emt 00:00:14]} 33. Qe3 {[%clk 00:05:27]} {[%emt
00:03:47]} Nxa4 {[%clk 00:06:25]} {[%emt 00:00:54]} 34. Rxg5 {[%clk 00:05:29]}
{[%emt 00:00:28]} Qc7 {[%clk 00:04:02]} {[%emt 00:02:45]} 35. Qe4 {[%clk
00:05:15]} {[%emt 00:00:52]} Qc6 {[%clk 00:04:12]} {[%emt 00:00:20]} 36. Rxc5
{[%clk 00:03:06]} {[%emt 00:02:40]} Qxe4 {[%clk 00:02:06]} {[%emt 00:02:36]}
37. dxe4 {[%clk 00:03:31]} {[%emt 00:00:04]} Nxc5 {[%clk 00:02:08]} {[%emt
00:00:28]} 38. Rxa8+ {[%clk 00:03:58]} {[%emt 00:00:04]} Ke7 {[%clk 00:02:33]}
{[%emt 00:00:05]} 39. Ra5 {[%clk 00:01:57]} {[%emt 00:02:29]} Nxe4 {[%clk
00:02:13]} {[%emt 00:00:52]} 40. Ne3 {[%clk 00:01:09]} {[%emt 00:01:17]} Rc6
{[%clk 00:01:07]} {[%emt 00:01:35]} 41. Kg2 {[%clk 00:24:30]} {[%emt 00:07:10]}
g6 {[%clk 00:29:22]} {[%emt 00:02:15]} 42. h4 {[%clk 00:23:47]} {[%emt
00:01:13]} Kf6 {[%clk 00:27:59]} {[%emt 00:01:52]} 43. Ra7 {[%clk 00:23:20]}
{[%emt 00:00:58]} Kg7 {[%emt 00:01:48]} 44. Re7 {[%clk 00:22:17]} {[%emt
00:01:30]} Nd6 {[%clk 00:24:54]} {[%emt 00:02:20]} 45. g4 {[%clk 00:21:18]}
{[%emt 00:01:29]} Rc5 {[%clk 00:23:25]} {[%emt 00:01:59]} 46. Rd7 {[%clk
00:14:49]} {[%emt 00:06:57]} Ne4 {[%clk 00:22:14]} {[%emt 00:01:42]} 47. Rd4
{[%clk 00:14:06]} {[%emt 00:01:12]} Nc3 {[%clk 00:22:09]} {[%emt 00:00:35]} 48.
Kf3 {[%clk 00:10:08]} {[%emt 00:04:28]} Rc6 {[%clk 00:20:18]} {[%emt 00:02:22]}
49. Rc4 {[%clk 00:06:52]} {[%emt 00:03:46]} Rf6+ {[%clk 00:15:14]} {[%emt
00:05:33]} 50. Kg2 {[%clk 00:07:08]} {[%emt 00:00:14]} Ne2 {[%clk 00:15:07]}
{[%emt 00:00:38]} 51. Nd5 {[%clk 00:07:20]} {[%emt 00:00:18]} Rd6 {[%clk
00:15:28]} {[%emt 00:00:10]} 52. Nf4 {[%clk 00:07:31]} {[%emt 00:00:19]} Nxf4+
{[%clk 00:14:51]} {[%emt 00:01:07]} 53. Rxf4 {[%clk 00:07:56]} {[%emt
00:00:04]} Rd5 {[%clk 00:15:05]} {[%emt 00:00:16]} 54. Kg3 {[%clk 00:07:38]}
{[%emt 00:00:49]} Ra5 {[%clk 00:14:46]} {[%emt 00:00:48]} 55. Re4 {[%clk
00:07:10]} {[%emt 00:00:59]} f5 {[%clk 00:13:09]} {[%emt 00:02:06]} 56. gxf5
{[%clk 00:06:38]} {[%emt 00:01:02]} Rxf5 {[%clk 00:13:29]} {[%emt 00:00:10]}
57. f4 {[%clk 00:06:16]} {[%emt 00:00:52]} Ra5 {[%clk 00:13:00]} {[%emt
00:00:59]} 58. Re5 {[%clk 00:05:58]} {[%emt 00:00:48]} Ra7 {[%clk 00:12:31]}
{[%emt 00:00:59]} 59. h5 {[%clk 00:05:08]} {[%emt 00:01:20]} gxh5 {[%clk
00:12:38]} {[%emt 00:00:23]} 60. Rxh5 {[%clk 00:05:32]} {[%emt 00:00:06]} Ra6
{[%clk 00:12:21]} {[%emt 00:00:46]} 61. Kg4 {[%clk 00:05:26]} {[%emt 00:00:36]}
Rb6 {[%clk 00:11:52]} {[%emt 00:01:00]} 62. Rg5+ {[%clk 00:04:17]} {[%emt
00:01:40]} Kf7 {[%clk 00:12:10]} {[%emt 00:00:12]} 63. Rh5 {[%clk 00:03:44]}
{[%emt 00:01:03]} Kg7 {[%clk 00:12:22]} {[%emt 00:00:18]} 64. Ra5 {[%clk
00:03:34]} {[%emt 00:00:40]} Rc6 {[%clk 00:12:40]} {[%emt 00:00:12]} 65. Kg5
{[%clk 00:03:21]} {[%emt 00:00:42]} Rb6 {[%clk 00:12:50]} {[%emt 00:00:20]} 66.
Ra7+ {[%clk 00:03:45]} {[%emt 00:00:06]} Kf8 {[%clk 00:13:13]} {[%emt
00:00:07]} 67. f5 {[%clk 00:03:49]} {[%emt 00:00:26]} Rc6 {[%clk 00:13:35]}
{[%emt 00:00:08]} 68. Rh7 {[%clk 00:03:33]} {[%emt 00:00:45]} Ra6 {[%clk
00:12:56]} {[%emt 00:01:10]} 69. Rh6 {[%clk 00:03:07]} {[%emt 00:00:56]} Rxh6
{[%clk 00:13:09]} {[%emt 00:00:17]} 70. Kxh6 {[%clk 00:03:32]} {[%emt
00:00:04]} Kf7 {[%clk 00:13:32]} {[%emt 00:00:08]} 1/2-1/2

[Event "DVM U16 2021"]
[Site "Kiel GER"]
[Date "2022.07.24"]
[Round "4"]
[White "Schröder, Lennart"]
[Black "Röhr, Oliver"]
[Result "0-1"]
[Termination "normal"]
[Board "1.2"]
[WhiteElo "2023"]
[BlackElo "2088"]
[WhiteClock "00:31:46"]
[BlackClock "00:35:44"]
[WhiteTeam "Schachklub Münster 32 e. V."]
[BlackTeam "SV Mattnetz Berlin e.V."]
[PlyCount "58"]
[WhiteFideId "16222490"]
[BlackFideId "12987697"]
[EventCountry "GER"]
[EventRounds "7"]
[EventType "team-swiss"]
[EventDate "2022.07.22"]

1. Nf3 {[%clk 01:30:56]} {[%emt 00:00:04]} f5 {[%clk 01:30:59]} {[%emt
00:00:01]} 2. g3 {[%clk 01:31:13]} {[%emt 00:00:13]} Nf6 {[%clk 01:31:28]}
{[%emt 00:00:01]} 3. Bg2 {[%clk 01:31:33]} {[%emt 00:00:09]} g6 {[%clk
01:31:57]} {[%emt 00:00:02]} 4. b4 {[%clk 01:31:54]} {[%emt 00:00:08]} Bg7
{[%clk 01:31:36]} {[%emt 00:00:51]} 5. Bb2 {[%clk 01:32:18]} {[%emt 00:00:06]}
O-O {[%clk 01:30:45]} {[%emt 00:01:21]} 6. O-O {[%clk 01:32:37]} {[%emt
00:00:10]} d6 {[%clk 01:29:23]} {[%emt 00:01:53]} 7. d4 {[%clk 01:33:01]}
{[%emt 00:00:05]} e5 {[%clk 01:23:07]} {[%emt 00:06:47]} 8. dxe5 {[%clk
01:30:10]} {[%emt 00:03:21]} Ng4 {[%clk 01:22:54]} {[%emt 00:00:42]} 9. c4
{[%clk 01:28:07]} {[%emt 00:02:33]} Nc6 {[%clk 01:19:11]} {[%emt 00:04:13]} 10.
Qb3 {[%clk 01:26:02]} {[%emt 00:02:35]} Ngxe5 {[%clk 01:15:50]} {[%emt
00:03:51]} 11. c5+ {[%clk 01:22:02]} {[%emt 00:04:30]} Kh8 {[%clk 01:14:51]}
{[%emt 00:01:29]} 12. Rd1 {[%clk 01:21:18]} {[%emt 00:01:14]} Be6 {[%clk
01:11:53]} {[%emt 00:03:28]} 13. Qa3 {[%clk 01:17:04]} {[%emt 00:04:44]} Nc4
{[%clk 01:07:00]} {[%emt 00:05:23]} 14. Bxg7+ {[%clk 01:17:28]} {[%emt
00:00:06]} Kxg7 {[%clk 01:07:29]} {[%emt 00:00:02]} 15. Qc3+ {[%clk 01:17:28]}
{[%emt 00:00:29]} Qf6 {[%clk 01:07:13]} {[%emt 00:00:46]} 16. Ng5 {[%clk
01:03:49]} {[%emt 00:14:10]} Bg8 {[%clk 01:03:40]} {[%emt 00:04:03]} 17. Bxc6
{[%clk 00:50:01]} {[%emt 00:14:18]} bxc6 {[%clk 01:03:11]} {[%emt 00:00:59]}
18. Nf3 {[%clk 00:47:48]} {[%emt 00:02:43]} a5 {[%clk 00:58:15]} {[%emt
00:05:27]} 19. Qxf6+ {[%clk 00:42:23]} {[%emt 00:05:55]} Kxf6 {[%clk 00:57:22]}
{[%emt 00:01:22]} 20. Nbd2 {[%clk 00:40:33]} {[%emt 00:02:20]} axb4 {[%clk
00:55:32]} {[%emt 00:02:20]} 21. cxd6 {[%clk 00:39:25]} {[%emt 00:01:39]} Nxd6
{[%clk 00:49:12]} {[%emt 00:06:50]} 22. Rdc1 {[%clk 00:33:52]} {[%emt
00:06:03]} Bxa2 {[%clk 00:43:02]} {[%emt 00:06:39]} 23. Nd4 {[%clk 00:33:19]}
{[%emt 00:01:04]} Bd5 {[%clk 00:41:01]} {[%emt 00:02:31]} 24. Rxa8 {[%clk
00:33:01]} {[%emt 00:00:48]} Rxa8 {[%clk 00:41:29]} {[%emt 00:00:01]} 25. Nxc6
{[%clk 00:33:19]} {[%emt 00:00:12]} Ra2 {[%clk 00:38:15]} {[%emt 00:03:44]} 26.
Nf1 {[%clk 00:32:38]} {[%emt 00:01:11]} Bxc6 {[%clk 00:37:36]} {[%emt
00:01:09]} 27. Rxc6 {[%clk 00:33:01]} {[%emt 00:00:06]} b3 {[%clk 00:36:23]}
{[%emt 00:01:44]} 28. Rc3 {[%clk 00:32:04]} {[%emt 00:01:27]} b2 {[%clk
00:36:11]} {[%emt 00:00:42]} 29. Rb3 {[%clk 00:31:46]} {[%emt 00:00:48]} Nc4
{[%clk 00:35:44]} {[%emt 00:00:56]} 0-1